[Event "RUS-chT rapid"]
[Site "Sochi"]
[Date "2019.10.18"]
[Round "4.4"]
[White "Frolov, Aleksey G"]
[Black "Kolchin, Maxim"]
[Result "0-1"]
[WhiteElo "2093"]
[BlackElo "2077"]
[PlyCount "122"]
[EventDate "2019.10.18"]
[EventType "team-swiss (rapid)"]
[EventRounds "9"]
[EventCountry "RUS"]
[SourceTitle "CBM 192 Extra"]
[Source "Chessbase"]
[SourceDate "2019.11.06"]
[SourceVersion "1"]
[SourceVersionDate "2019.11.06"]
[SourceQuality "1"]
[WhiteTeam "Moscow Region"]
[BlackTeam "Nizhny Novgorod FSHNO"]
[WhiteTeamCountry "RUS"]
[BlackTeamCountry "RUS"]

1. e4 e5 2. Nf3 Nc6 3. Bb5 a6 4. Ba4 Nf6 5. 0-0 b5 6. Bb3 Be7 7. d3 0-0 8. a4 Bb7 9. Re1 d6 10. Nc3 Na5 11. Ba2 b4 12. Ne2 c5 13. Bd2 Nc6 14. Ng3 Bc8 15. c3 bxc3 16. bxc3 Re8 17. Ng5 Rf8 18. Qb3 Na5 19. Nxf7 Qc7 20. Qd1 Rxf7 21. Bxf7+ Kxf7 22. f4 Nc6 23. Rf1 Kg8 24. fxe5 Nxe5 25. Bf4 Ng6 26. Qb3+ c4 27. Qxc4+ Qxc4 28. dxc4 Nxf4 29. Rxf4 Be6 30. Nf5 Bf8 31. Rd1 Bxc4 32. Nxd6 Bb3 33. Rd4 Rd8 34. e5 Nd5 35. Rf3 Nc7 36. a5 Ne6 37. Rd2 Ba4 38. c4 Rb8 39. h3 Bc6 40. Rf1 Be7 41. Nf5 Bb4 42. Re2 Bc5+ 43. Kh2 Rb4 44. Rd1 Rxc4 45. Rb2 h6 46. Rb8+ Kh7 47. Rc8 Ba4 48. Ra1 Bd7 49. Ra8 Nc7 50. Rb8 Bxf5 51. Rb7 Ne6 52. Re1 Re4 53. Rxe4 Bxe4 54. Rb8 Bd4 55. Re8 Bd5 56. g3 Bxe5 57. h4 Nd4 58. Kh3 Nc6 59. Ra8 Bc4 60. Rc8 Bb5 61. g4 Bf1# 0-1

[Event "RUS-ch blitz"]
[Site "Sochi"]
[Date "2019.10.17"]
[Round "12"]
[White "Oganian, Miran"]
[Black "Frolov, Aleksey G"]
[Result "1-0"]
[WhiteElo "2436"]
[BlackElo "2093"]
[PlyCount "73"]
[EventDate "2019.10.17"]
[EventType "swiss (blitz)"]
[EventRounds "15"]
[EventCountry "RUS"]
[SourceTitle "CBM 192 Extra"]
[Source "Chessbase"]
[SourceDate "2019.11.06"]
[SourceVersion "1"]
[SourceVersionDate "2019.11.06"]
[SourceQuality "1"]

1. d4 Nf6 2. c4 g6 3. Nf3 Bg7 4. g3 0-0 5. Bg2 d5 6. 0-0 Nc6 7. cxd5 Nxd5 8. e3 Re8 9. Nc3 Nb6 10. d5 Na5 11. e4 c6 12. Bg5 Bxc3 13. bxc3 cxd5 14. e5 Qc7 15. Rc1 Nac4 16. Qd4 Bf5 17. Rfe1 Rad8 18. Bh6 e6 19. Qh4 Qe7 20. Bg5 Qf8 21. Bxd8 Rxd8 22. Nd4 Nb2 23. Nxf5 exf5 24. Bf1 Re8 25. Qd4 Qa3 26. h4 N2c4 27. h5 Qxa2 28. e6 Rxe6 29. h6 Kf8 30. Rxe6 fxe6 31. Qg7+ Ke8 32. Qg8+ Kd7 33. Qxh7+ Kd6 34. Qxb7 Qd2 35. Ra1 Qxh6 36. Rxa7 Qc1 37. Qc7# 1-0

[Event "Chigorin Memorial 27th"]
[Site "St Petersburg"]
[Date "2019.10.13"]
[Round "9"]
[White "Frolov, Aleksey G"]
[Black "Akhmedov, David"]
[Result "1/2-1/2"]
[WhiteElo "2093"]
[BlackElo "1785"]
[PlyCount "114"]
[EventDate "2019.10.05"]
[EventType "swiss"]
[EventRounds "9"]
[EventCountry "RUS"]
[SourceTitle "EXT 2021"]
[Source "ChessBase"]
[SourceDate "2020.10.23"]
[SourceVersion "1"]
[SourceVersionDate "2020.10.23"]
[SourceQuality "1"]

1. e4 c5 2. Nf3 e6 3. d4 cxd4 4. Nxd4 a6 5. Bd3 Nf6 6. c4 d6 7. 0-0 Qc7 8. b3 g6 9. Bb2 Bg7 10. Qd2 0-0 11. Nc3 Nbd7 12. Rad1 b6 13. Bc2 Bb7 14. Nde2 Ne8 15. f4 Ndf6 16. Ba3 Qc6 17. Nd4 Qc7 18. Nf3 Rc8 19. Bxd6 Nxd6 20. Qxd6 b5 21. Ne5 Qa5 22. b4 Qa3 23. Rf3 Qb2 24. Bb1 Ne8 25. Qb6 Bxe5 26. fxe5 Rxc4 27. Qxb7 Rxc3 28. Rxc3 Qxc3 29. Qxa6 Qxb4 30. Qb6 Qa4 31. Qd4 Nc7 32. Qxa4 bxa4 33. Rd4 a3 34. Ra4 Rd8 35. Bc2 Nb5 36. Ra5 Nd4 37. Bb3 Nxb3 38. axb3 Rd1+ 39. Kf2 Ra1 40. Ra8+ Kg7 41. b4 Kh6 42. b5 Rb1 43. Rxa3 Rxb5 44. Ra7 Rxe5 45. Rxf7 Rxe4 46. g3 Re5 47. Re7 g5 48. Ra7 Kg6 49. h3 h5 50. Ra6 Kf6 51. Ra8 Kg7 52. Kf3 Kf6 53. Rh8 Kg6 54. h4 g4+ 55. Kf4 Re1 56. Rg8+ Kf6 57. Rf8+ Kg6 1/2-1/2

[Event "Pardubice Czech op-A 30th"]
[Site "Pardubice"]
[Date "2019.07.24"]
[Round "6"]
[White "Mosesov, Danylo"]
[Black "Frolov, Aleksey G"]
[Result "0-1"]
[WhiteElo "2353"]
[BlackElo "2174"]
[PlyCount "78"]
[EventDate "2019.07.19"]
[EventType "swiss"]
[EventRounds "9"]
[EventCountry "CZE"]
[SourceTitle "CBM 191"]
[Source "ChessBase"]
[SourceDate "2019.08.31"]
[SourceVersion "1"]
[SourceVersionDate "2019.08.31"]
[SourceQuality "1"]

1. d4 Nf6 2. c4 g6 3. Nc3 d5 4. cxd5 Nxd5 5. e4 Nxc3 6. bxc3 Bg7 7. Nf3 c5 8. Rb1 Bg4 9. Qa4+ Nd7 10. Be3 0-0 11. Be2 Nb6 12. Qd1 f5 13. Qb3+ Kh8 14. exf5 Bxf5 15. Rd1 c4 16. Bxc4 Nxc4 17. Qxc4 Rc8 18. Qb4 Be4 19. Ne5 Bxg2 20. Rg1 Qd5 21. c4 Qe4 22. Qxe7 Rce8 23. Nf7+ Rxf7 24. Qxf7 Bf3 25. Qd5 Qf4 26. Qg5 Qd6 27. Qb5 Rf8 28. Rb1 Qxh2 29. Kd2 Bc6 30. Qg5 Rxf2+ 31. Kd3 Rf5 32. Qd8+ Rf8 33. Qa5 Be4+ 34. Kc3 Qc2+ 35. Kb4 Rc8 36. c5 b6 37. Qxa7 bxc5+ 38. dxc5 Qc3+ 39. Kb5 Bxb1 0-1

[Event "Pardubice Czech op-A 30th"]
[Site "Pardubice"]
[Date "2019.07.22"]
[Round "4"]
[White "Frolov, Aleksey G"]
[Black "Skliarov, Viktor"]
[Result "0-1"]
[WhiteElo "2174"]
[BlackElo "2360"]
[PlyCount "68"]
[EventDate "2019.07.19"]
[EventType "swiss"]
[EventRounds "9"]
[EventCountry "CZE"]
[SourceTitle "CBM 191"]
[Source "ChessBase"]
[SourceDate "2019.08.31"]
[SourceVersion "1"]
[SourceVersionDate "2019.08.31"]
[SourceQuality "1"]

1. e4 c5 2. Nf3 Nc6 3. d4 cxd4 4. Nxd4 Nf6 5. Nc3 e5 6. Ndb5 d6 7. Bg5 a6 8. Na3 b5 9. Bxf6 gxf6 10. Nd5 f5 11. g3 Bg7 12. Bg2 fxe4 13. Bxe4 Be6 14. c3 0-0 15. Ne3 Rc8 16. Qh5 h6 17. Rd1 Ne7 18. g4 b4 19. cxb4 Qb6 20. b5 d5 21. Bb1 d4 22. Nf5 Nxf5 23. gxf5 Bd5 24. Rg1 Qf6 25. bxa6 Qxa6 26. Qh4 Kh8 27. Rxg7 Kxg7 28. Rd3 Rc1+ 29. Kd2 Rxb1 30. f6+ Kh7 31. Nxb1 Qxa2 32. Na3 Qxb2+ 33. Ke1 Rg8 34. Rg3 Bf3 0-1

[Event "Pardubice op rapid 30th"]
[Site "Pardubice"]
[Date "2019.07.19"]
[Round "7"]
[White "Frolov, Aleksey G"]
[Black "Punin, Andrii"]
[Result "1/2-1/2"]
[WhiteElo "2174"]
[BlackElo "2305"]
[PlyCount "83"]
[EventDate "2019.07.17"]
[EventType "swiss (rapid)"]
[EventRounds "9"]
[EventCountry "CZE"]
[SourceTitle "CBM 191 Extra"]
[Source "ChessBase"]
[SourceDate "2019.09.30"]
[SourceVersion "1"]
[SourceVersionDate "2019.09.30"]
[SourceQuality "1"]

1. e4 d5 2. exd5 Qxd5 3. Nc3 Qd6 4. Nf3 Nf6 5. d4 c6 6. g3 Bf5 7. Bg2 h6 8. 0-0 e6 9. Bf4 Qd8 10. Re1 Bd6 11. Qd2 Bxf4 12. Qxf4 0-0 13. Qd2 Nbd7 14. Rad1 Qc7 15. Ne2 Nb6 16. b3 Rfd8 17. c4 a5 18. a4 Be4 19. Nc3 Bxf3 20. Bxf3 Nc8 21. d5 cxd5 22. cxd5 exd5 23. Nb5 Qb6 24. Qf4 Nd6 25. Nc3 Qxb3 26. Nxd5 Nxd5 27. Rxd5 Ne8 28. Rb5 Qc3 29. Re7 Nf6 30. Rbxb7 Rd4 31. Qf5 Rf8 32. Kg2 Rd2 33. Re2 Rxe2 34. Bxe2 Qc6+ 35. Bf3 Qxa4 36. Ra7 Qd4 37. Rxa5 g6 38. Qc2 Kg7 39. Ra4 Qe5 40. Qd2 Rb8 41. Ra5 Rb2 42. Rxe5 1/2-1/2

[Event "Pardubice op rapid 30th"]
[Site "Pardubice"]
[Date "2019.07.19"]
[Round "8"]
[White "Sarkar, Justin"]
[Black "Frolov, Aleksey G"]
[Result "0-1"]
[WhiteElo "2389"]
[BlackElo "2174"]
[PlyCount "70"]
[EventDate "2019.07.17"]
[EventType "swiss (rapid)"]
[EventRounds "9"]
[EventCountry "CZE"]
[SourceTitle "CBM 191 Extra"]
[Source "ChessBase"]
[SourceDate "2019.09.30"]
[SourceVersion "1"]
[SourceVersionDate "2019.09.30"]
[SourceQuality "1"]

1. e4 e5 2. Nc3 Nf6 3. Bc4 Nc6 4. d3 Na5 5. Bb5 a6 6. Ba4 b5 7. Bb3 Nxb3 8. axb3 Bb7 9. Nf3 d6 10. 0-0 c5 11. Bg5 Be7 12. Ne2 h6 13. Bd2 0-0 14. c4 Nh5 15. Nc3 f5 16. Nxe5 dxe5 17. Qxh5 fxe4 18. Bxh6 exd3 19. cxb5 axb5 20. Rxa8 Bxa8 21. Nxb5 Qb6 22. Bxg7 Kxg7 23. Qxe5+ Qf6 24. Qe3 Qg5 25. Qxg5+ Bxg5 26. Nc7 Kf7 27. Nxa8 Rxa8 28. f4 Bf6 29. Rd1 Rd8 30. Kf2 Bxb2 31. Ke3 d2 32. g4 Bc3 33. h4 Re8+ 34. Kd3 Re1 35. Kc2 Bb4 0-1

[Event "Pardubice op rapid 30th"]
[Site "Pardubice"]
[Date "2019.07.18"]
[Round "5"]
[White "Frolov, Aleksey G"]
[Black "Potapov, Alexander1"]
[Result "1-0"]
[WhiteElo "2174"]
[BlackElo "2409"]
[PlyCount "115"]
[EventDate "2019.07.17"]
[EventType "swiss (rapid)"]
[EventRounds "9"]
[EventCountry "CZE"]
[SourceTitle "CBM 191 Extra"]
[Source "ChessBase"]
[SourceDate "2019.09.30"]
[SourceVersion "1"]
[SourceVersionDate "2019.09.30"]
[SourceQuality "1"]

1. e4 e5 2. Nf3 Nc6 3. Bb5 Nd4 4. Nxd4 exd4 5. 0-0 Bc5 6. Bc4 Qh4 7. g3 Qh3 8. d3 Nf6 9. Qf3 d6 10. Bg5 Bg4 11. Qf4 0-0 12. Bxf6 gxf6 13. Qxf6 Qh5 14. f3 Bd7 15. Nd2 b5 16. Bb3 Rae8 17. g4 Qg6 18. Qh4 Kh8 19. Kh1 a5 20. a3 a4 21. Ba2 Bb6 22. Rg1 Ba5 23. Nf1 Be6 24. f4 Bxa2 25. f5 Qg8 26. Rxa2 f6 27. Ra1 d5 28. g5 fxg5 29. Rxg5 Qf7 30. Ng3 c5 31. Qh6 Bd2 32. Rf1 Bxg5 33. Qxg5 dxe4 34. dxe4 Qf6 35. Qf4 Qe5 36. Qh6 Rf6 37. Qh4 c4 38. Qg5 Rd6 39. Rd1 Rg8 40. Qd2 Rxg3 41. hxg3 Qxg3 42. Rg1 Qf3+ 43. Rg2 Qh5+ 44. Rh2 Qf3+ 45. Rg2 h6 46. e5 Qh5+ 47. Kg1 Rd5 48. Rg6 Kh7 49. Qg2 Qd1+ 50. Kh2 Qh5+ 51. Kg1 Qd1+ 52. Kh2 Qh5+ 53. Kg1 Rd7 54. e6 Ra7 55. Qg4 Qxg4+ 56. Rxg4 h5 57. Rxd4 Kg7 58. Rd7+ 1-0

[Event "Pardubice op rapid 30th"]
[Site "Pardubice"]
[Date "2019.07.17"]
[Round "2"]
[White "Frolov, Aleksey G"]
[Black "Maiorov, Nikita2"]
[Result "1-0"]
[WhiteElo "2174"]
[BlackElo "1914"]
[PlyCount "65"]
[EventDate "2019.07.17"]
[EventType "swiss (rapid)"]
[EventRounds "9"]
[EventCountry "CZE"]
[SourceTitle "CBM 191 Extra"]
[Source "ChessBase"]
[SourceDate "2019.09.30"]
[SourceVersion "1"]
[SourceVersionDate "2019.09.30"]
[SourceQuality "1"]

1. e4 c5 2. Nf3 d6 3. d4 cxd4 4. Nxd4 Nf6 5. Nc3 g6 6. Be3 Bg7 7. f3 Nc6 8. Qd2 h5 9. Be2 Bd7 10. 0-0 0-0 11. Nd5 Nxd5 12. exd5 Nxd4 13. Bxd4 Bxd4+ 14. Qxd4 Rc8 15. c4 Qa5 16. Qh4 Rfe8 17. Rfe1 Rc7 18. Bd3 Qb6+ 19. Qf2 Qxf2+ 20. Kxf2 Kg7 21. Re3 e5 22. dxe6 Rxe6 23. Rd1 Kf6 24. b3 a5 25. Be4 Bc6 26. a4 Bxe4 27. fxe4 Rc5 28. Rd5 b6 29. Kf3 Ke7 30. h3 Rf6+ 31. Ke2 Ke6 32. e5 dxe5 33. Rexe5# 1-0

[Event "Pardubice op rapid 30th"]
[Site "Pardubice"]
[Date "2019.07.17"]
[Round "1"]
[White "Gazik, Viktor"]
[Black "Frolov, Aleksey G"]
[Result "1-0"]
[WhiteElo "2525"]
[BlackElo "2174"]
[PlyCount "55"]
[EventDate "2019.07.17"]
[EventType "swiss (rapid)"]
[EventRounds "9"]
[EventCountry "CZE"]
[SourceTitle "CBM 191 Extra"]
[Source "ChessBase"]
[SourceDate "2019.09.30"]
[SourceVersion "1"]
[SourceVersionDate "2019.09.30"]
[SourceQuality "1"]

1. e4 e5 2. Nf3 Nc6 3. c3 d5 4. Qa4 dxe4 5. Nxe5 Qd5 6. Nxc6 bxc6 7. Bc4 Qd6 8. 0-0 Nf6 9. d4 Be7 10. Re1 0-0 11. Nd2 Ng4 12. Nf1 Bf5 13. h3 Nf6 14. Bg5 c5 15. dxc5 Qxc5 16. Be3 Qe5 17. Ng3 Bc5 18. Qa5 Nd7 19. Bxc5 Nxc5 20. b4 Nd7 21. Nxf5 c5 22. Ng3 Qxc3 23. Rac1 Qxb4 24. Qxb4 cxb4 25. Nxe4 Ne5 26. Ba6 Rab8 27. Nc5 Rfe8 28. Rxe5 1-0

[Event "RUS-chT2"]
[Site "Sochi"]
[Date "2019.05.09"]
[Round "8.3"]
[White "Frolov, Aleksey G"]
[Black "Pogorelskikh, Sofia"]
[Result "0-1"]
[WhiteElo "2073"]
[BlackElo "2131"]
[PlyCount "84"]
[EventDate "2019.05.01"]
[EventType "team-swiss"]
[EventRounds "9"]
[EventCountry "RUS"]
[SourceTitle "CBM 190 Extra"]
[Source "ChessBase"]
[SourceDate "2019.07.15"]
[SourceVersion "1"]
[SourceVersionDate "2019.07.15"]
[SourceQuality "1"]
[WhiteTeam "Moscow Summer Sports"]
[BlackTeam "Volga Samara Region"]
[WhiteTeamCountry "RUS"]
[BlackTeamCountry "RUS"]

1. e4 c5 2. Nf3 d6 3. d4 cxd4 4. Nxd4 Nf6 5. Nc3 a6 6. Be2 e5 7. Nb3 Be7 8. Be3 Be6 9. 0-0 0-0 10. Qd2 Nbd7 11. a4 Rc8 12. a5 Qc7 13. Bf3 Nc5 14. Nc1 Rfd8 15. Rd1 h6 16. N1a2 d5 17. exd5 e4 18. Bxc5 Bxc5 19. Nxe4 Nxd5 20. Nac3 Nb4 21. Qc1 Bd4 22. Ra4 Nc6 23. h3 Ba7 24. Rxd8+ Rxd8 25. b4 Qe5 26. Ne2 Bc4 27. Qf4 Bb5 28. Ra3 Qb2 29. Qc1 Qxb4 30. N2g3 Ne5 31. Rb3 Qxa5 32. Nh5 Nxf3+ 33. Rxf3 Be2 34. Nhf6+ Kh8 35. Rc3 Qf5 36. g4 Qg6 37. Qe1 Bb5 38. Nh5 Re8 39. Nhg3 Bd4 40. Rc7 Be5 41. Qa5 Bxc7 42. Qxc7 Rxe4 0-1